| 000 | 00640nam a22001577a 4500 | ||
|---|---|---|---|
| 003 | OSt | ||
| 005 | 20150915151255.0 | ||
| 008 | 150915b xxu||||| |||| 00| 0 eng d | ||
| 040 | _cRUA | ||
| 082 | _aAGR SEA 2002 B028 Or.1 | ||
| 100 |
_9529 _aSEAN, POLY. |
||
| 245 | _aThe study on the impact of farmer life school in rural community in battambong province ការសិក្សាពីឥទ្ធិពលនៃសាលារៀនជីវិតកសិករក្នុងសហគមន៍ជនបទខេត្តបាត់ដំបង | ||
| 260 |
_aPhnom Penh _bRUA _c2002 |
||
| 300 |
_a43p. _bill. _c29cm. |
||
| 942 |
_2ddc _cAGR |
||
| 999 |
_c507 _d507 |
||